Odmítnutí : [polemika s profesorem Josefem Králem] /

Hlavní autor: Pražák, Josef, filozof
Jazyk: Čeština
Vydáno: V Praze : [s.n.], 1889
Témata:
Fyzický popis: 1 dvojlist
Knihy
Uloženo v:
LEADER 00622nam a2200205 a 4500
001 000688084
003 CZ BrMZK
005 20060906151433.0
007 ta
008 030918s1889 xr f cze d
040 |a BOA001  |b cze  |c BOA001 
100 1 |a Pražák, Josef,  |c filozof  |4 aut 
245 1 0 |a Odmítnutí :  |b [polemika s profesorem Josefem Králem] /  |c Josef Pražák 
260 |a V Praze :  |b [s.n.],  |c 1889 
300 |a 1 dvojlist 
910 |a BOA001  |b 2-0045.396 
964 |a Bohemika - stol. 19. 
990 |a BK 
993 |a Y 
996 6 |b BC-122698  |c 2-0045.396  |l MZK  |r Sklad / do 24 hodin  |n 0  |w 000688084  |u 000010  |a 1  |e BOA001  |j MZK50  |s P